Fundamentos de Teoría General del Derecho

Сохранить в:
Библиографические подробности
Главный автор: Pedrals García de Cortázar, Antonio (Автор)
Формат:
Язык:испанский
Опубликовано: Santiago Librotecnia 2014
Редактирование:1a. ed
Предметы:
Метки: Добавить метку
Нет меток, Требуется 1-ая метка записи!

MARC

LEADER 00000cam a2200000 a 4500
001 UCD9056
003 CL-VaPUC
008 170602e20140000cl |||||||||||||||||spa|d
020 |a 9789563271171 
082 0 4 |a 340.1  |b PED  |2 21 
100 |a Pedrals García de Cortázar, Antonio  |e author  |9 766152 
245 1 0 |a Fundamentos de Teoría General del Derecho 
250 |a 1a. ed 
300 |a 589 p 
942 |c BK 
945 |d 20170602 23:29:00  |a dcastane 
260 |a Santiago  |b Librotecnia  |c 2014 
650 0 |a Teoría del derecho  |9 255982 
650 0 |a Filosofía del derecho   |9 255050 
583 |a last modification  |c 20170602 23:29:00  |k Rodrigo Vera 
999 |c 368354  |d 368352 
952 |0 0  |1 0  |3 erb  |4 0  |6 340_100000000000000_PED_2014  |7 0  |8 A  |9 483648  |a BIBDER  |b BIBDER  |i 5394260  |o 340.1 PED 2014  |p 5394260  |r 2023-01-25  |w 2019-11-24  |y BK  |z Catalogado en:20170602  |k DER